000 00410nam a2200181Ia 4500
100 _aTomasi/Wayne
650 _aNetworking
250 _a3
942 _cBK
366 _f25
654 _adata communication
245 _aIntroductions to Data communication and networking
260 _bPearson Education
_c2005
082 _a4.65
_bTOM
300 _a985
546 _aENGLISH
_cPAMPHALETS
999 _c34357
_d34357